000 00288nam a22001217a 4500
008 170322b xxu||||| |||| 00| 0 eng d
041 _aeng
080 _a616.8
100 _a7
101 _aSHM
245 _aA STEROTAXIC ATLAS OF THE DEVELOPING RAT BRAIN
_cSHERWOOD, N.M
942 _2udc
_cBK
999 _c8382
_d8382